[Event "Championnat de Paris Open A"]
[Site "Paris"]
[Date "2012.07.09"]
[Round "3.94"]
[White "Djordjevic, Vladimir"]
[Black "Ignjatovic, Miroslav"]
[Result "1-0"]
[WhiteElo "1942"]
[BlackElo "1844"]
[PlyCount "75"]
[EventDate "2012.??.??"]

1. e4 c5 2. Nf3 d6 3. d4 cxd4 4. Nxd4 Nf6 5. Nc3 e6 6. Be3 Be7 7. Be2 O-O 8.
O-O Nc6 9. Nb3 Qc7 10. f4 Rd8 11. Nb5 Qb8 12. Bf3 a6 13. N5d4 Qc7 14. Qe2 Rb8
15. c3 b5 16. Nxc6 Qxc6 17. Ba7 Ra8 18. Qe3 Rd7 19. Na5 Qc7 20. Bb6 Qb8 21. e5
Nd5 22. Bxd5 exd5 23. Nc6 Qb7 24. exd6 Bxd6 25. Qe8+ Bf8 26. Bc5 Rd6 27. Bxd6
Bd7 28. Ne7+ Kh8 29. Qxf7 Bxe7 30. Bxe7 Qb6+ 31. Kh1 Be6 32. Qh5 d4 33. Bc5 Qc6
34. Bxd4 Bd5 35. Qg5 Qb7 36. Rae1 h6 37. Qxh6+ Kg8 38. Qg5 1-0

[Event "Championnat de Paris Open A"]
[Site "Paris"]
[Date "2012.07.09"]
[Round "3.95"]
[White "Forget, Cyril"]
[Black "Aron-Samuel, Emmanuel"]
[Result "1-0"]
[WhiteElo "1935"]
[BlackElo "1842"]
[PlyCount "127"]
[EventDate "2012.??.??"]

1. e4 c5 2. Nf3 Nc6 3. d4 cxd4 4. Nxd4 Nf6 5. Nc3 e5 6. Ndb5 d6 7. Bg5 a6 8.
Na3 b5 9. Nd5 Be7 10. Bxf6 Bxf6 11. c3 O-O 12. Nc2 Bg5 13. a4 bxa4 14. Rxa4 a5
15. Bc4 Be6 16. h4 Bh6 17. Qd3 Kh8 18. Nce3 Bxe3 19. Nxe3 Qb6 20. b3 Bxc4 21.
Qxc4 Rab8 22. Ra3 Rfc8 23. Qd3 Nd4 24. Nc4 Rxc4 25. bxc4 Qb2 26. Ra4 Qc1+ 27.
Qd1 Qxc3+ 28. Kf1 Rb2 29. Rh3 Rd2 30. Qb1 Rb2 31. Qe1 Qc2 32. Rxa5 h5 33. Rc3
Qb1 34. Qc1 Qxc1+ 35. Rxc1 Nb3 36. Ra8+ Kh7 37. Re1 Nd2+ 38. Kg1 Nxc4 39. Rc8
Rb4 40. Rc6 Ra4 41. f3 f5 42. Re2 f4 43. g3 fxg3 44. Kg2 Kg8 45. Kxg3 Kf7 46.
Rc2 Ne3 47. R2c3 Nf1+ 48. Kf2 Nd2 49. Rc2 Nb3 50. Rxd6 Nd4 51. Rc7+ Ke8 52. Rb6
Ra2+ 53. Kf1 Kd8 54. Rf7 Ke8 55. Rxg7 Ra1+ 56. Kg2 Kf8 57. Rh7 Kg8 58. Re7 Kf8
59. Rd7 Ke8 60. Rh7 Ra2+ 61. Kh3 Ra8 62. Rh8+ Kd7 63. Rxa8 Nxf3 64. Ra7+ 1-0

[Event "Championnat de Paris Open A"]
[Site "Paris"]
[Date "2012.07.09"]
[Round "3.96"]
[White "Nikonoff, James"]
[Black "Nossein, Francis"]
[Result "1-0"]
[WhiteElo "1934"]
[BlackElo "1816"]
[PlyCount "55"]
[EventDate "2012.??.??"]

1. e4 Nf6 2. Nc3 d5 3. e5 Nfd7 4. f4 Nb6 5. d4 Bf5 6. Nf3 e6 7. Bd3 Bxd3 8.
Qxd3 Nc6 9. a3 Be7 10. Ne2 g6 11. c3 a6 12. Qc2 Na5 13. b3 Nd7 14. Bd2 c6 15.
O-O b5 16. Kh1 Kf8 17. g4 h5 18. Rg1 hxg4 19. Rxg4 Kg7 20. Rag1 Nf8 21. Ng3 Bh4
22. f5 Bxg3 23. Bg5 Qb6 24. Bf6+ Kg8 25. R4xg3 exf5 26. Qxf5 Rh6 27. e6 Kh7 28.
Ng5+ 1-0

[Event "Championnat de Paris Open A"]
[Site "Paris"]
[Date "2012.07.09"]
[Round "3.97"]
[White "Conq, Alain"]
[Black "Filandre, Alain"]
[Result "0-1"]
[WhiteElo "1850"]
[BlackElo "1919"]
[PlyCount "42"]
[EventDate "2012.??.??"]

1. d4 Nf6 2. c4 c5 3. d5 d6 4. Nc3 e5 5. e4 Be7 6. Nf3 Nbd7 7. Bd3 Nf8 8. h4
Bg4 9. Be2 a6 10. Ng5 Bd7 11. f4 exf4 12. Bxf4 Ng6 13. Bg3 h6 14. Nf3 Nh5 15.
Bf2 Nhf4 16. g3 Nxe2 17. Qxe2 Bg4 18. Qe3 Bf6 19. Nh2 Bd4 20. Qd2 Ne5 21. Nxg4
Nf3+ 0-1

[Event "Championnat de Paris Open A"]
[Site "Paris"]
[Date "2012.07.09"]
[Round "3.98"]
[White "Komons, Christian"]
[Black "Gauthier, Arnaud"]
[Result "0-1"]
[WhiteElo "1846"]
[BlackElo "1913"]
[PlyCount "48"]
[EventDate "2012.??.??"]

1. e4 d6 2. b3 Nf6 3. d3 e5 4. Nf3 Be7 5. Be2 O-O 6. O-O Ne8 7. Bb2 f5 8. Nbd2
Nf6 9. c3 Qe8 10. Qc2 Nh5 11. d4 Nf4 12. Bc4+ Kh8 13. dxe5 dxe5 14. Nxe5 Bd6
15. Nef3 Qg6 16. g3 fxe4 17. Qxe4 Nh3+ 18. Kg2 Bf5 19. Qxb7 Nd7 20. Nh4 Qh5 21.
Nxf5 Qxf5 22. Qe4 Qh5 23. Be2 Qh6 24. Qe3 Rxf2+ 0-1

[Event "Championnat de Paris Open A"]
[Site "Paris"]
[Date "2012.07.09"]
[Round "3.99"]
[White "Lao, Lenath"]
[Black "De Balmann, Marc"]
[Result "0-1"]
[WhiteElo "1826"]
[BlackElo "1908"]
[PlyCount "60"]
[EventDate "2012.??.??"]

1. c4 Nf6 2. g3 g6 3. b3 Bg7 4. Bb2 O-O 5. Bg2 c6 6. Nf3 d5 7. O-O Nbd7 8. d3
Re8 9. Nbd2 e5 10. cxd5 cxd5 11. e3 b6 12. Rc1 Ba6 13. Qc2 e4 14. dxe4 Bxf1 15.
Bxf1 dxe4 16. Nd4 Rc8 17. Qb1 Rxc1 18. Qxc1 Nc5 19. Qb1 Nfd7 20. b4 Nd3 21.
Bxd3 exd3 22. Qxd3 Ne5 23. Qa3 Qc7 24. Qb3 Rc8 25. Nb5 Qc2 26. Bxe5 Qxd2 27.
Bxg7 Rc2 28. Qxc2 Qxc2 29. Bd4 Qc1+ 30. Kg2 Qc6+ 0-1

[Event "Championnat de Paris Open A"]
[Site "Paris"]
[Date "2012.07.09"]
[Round "3.99"]
[White "Schreiner, Richard"]
[Black "De Marchi, Silverio"]
[Result "0-1"]
[WhiteElo "1806"]
[BlackElo "1905"]
[PlyCount "66"]
[EventDate "2012.??.??"]

1. d4 Nf6 2. e3 d5 3. Bd3 g6 4. Nd2 Bg7 5. f4 b6 6. Qe2 c5 7. c3 a5 8. Ngf3 O-O
9. O-O Ba6 10. Ne5 Bxd3 11. Qxd3 Qc7 12. a4 e6 13. b3 Rc8 14. Bb2 Nc6 15. Rfc1
Qa7 16. Kh1 Nxe5 17. fxe5 Nd7 18. e4 f5 19. exd5 exd5 20. Qf3 Rd8 21. Nf1 Nf8
22. Ne3 Qd7 23. c4 dxc4 24. Nxc4 Rab8 25. Nd6 cxd4 26. Bxd4 Qe6 27. Qc3 Qd5 28.
Rd1 Ne6 29. Nb5 Bxe5 30. Bxe5 Qxd1+ 31. Qe1 Qxe1+ 32. Rxe1 Rbc8 33. Bf6 Rd3 0-1

[Event "Championnat de Paris Open A"]
[Site "Paris"]
[Date "2012.07.10"]
[Round "4.1"]
[White "Kouptsov, Vladimir"]
[Black "Baron, Thierry"]
[Result "1/2-1/2"]
[WhiteElo "2188"]
[BlackElo "2274"]
[PlyCount "103"]
[EventDate "2012.??.??"]

1. d4 Nf6 2. c4 g6 3. g3 d5 4. cxd5 Nxd5 5. Bg2 Bg7 6. Nf3 O-O 7. O-O Nb6 8.
Nc3 Na6 9. Bf4 c5 10. d5 Bxc3 11. bxc3 Qxd5 12. Nd2 Qh5 13. Re1 Nd5 14. Qa4
Nxf4 15. Qxf4 Rb8 16. Bf3 Qf5 17. Qh6 Qe5 18. Ne4 Bf5 19. Ng5 Qg7 20. Qh4 h6
21. Ne4 g5 22. Qh5 Rfd8 23. g4 Bg6 24. Qh3 Qe5 25. Ng3 Kg7 26. Qg2 b6 27. Rac1
Nc7 28. a4 Nd5 29. Bxd5 Qxd5 30. e4 Qd2 31. Nf1 Qf4 32. Re3 e6 33. Rce1 Rd7 34.
h4 Rbd8 35. h5 Bh7 36. f3 Bg8 37. Qb2 Qe5 38. a5 Rd6 39. axb6 axb6 40. Qb5 f6
41. Kg2 Ra8 42. R3e2 Bf7 43. Ne3 Be8 44. Qb3 b5 45. Nc4 bxc4 46. Qb7+ Bf7 47.
Qxa8 Qxc3 48. e5 fxe5 49. Qe4 Rd5 50. Rc2 Qd3 51. Rec1 Be8 52. Rxc4 1/2-1/2

[Event "Championnat de Paris Open A"]
[Site "Paris"]
[Date "2012.07.10"]
[Round "4.2"]
[White "Toulzac, Pierre-Yves"]
[Black "Eden, James"]
[Result "1-0"]
[WhiteElo "2273"]
[BlackElo "2129"]
[PlyCount "63"]
[EventDate "2012.??.??"]

1. d4 Nf6 2. c4 g6 3. Nc3 Bg7 4. e4 d6 5. Nf3 O-O 6. Be2 e5 7. dxe5 dxe5 8.
Qxd8 Rxd8 9. Bg5 Rf8 10. Nd5 Nxd5 11. cxd5 c6 12. Bc4 b5 13. Bb3 Bb7 14. Rc1 a5
15. a4 bxa4 16. Ba2 Rc8 17. Be7 Nd7 18. d6 Rab8 19. Ng5 Rf8 20. Bxf8 Rxf8 21.
O-O c5 22. Rfe1 h6 23. Nf3 Rb8 24. Nd2 Ba6 25. Bc4 Rxb2 26. Bxa6 Rxd2 27. Red1
Rd4 28. Bb5 Nf8 29. Rxd4 exd4 30. Rxc5 a3 31. Bc4 Nd7 32. Rxa5 1-0

[Event "Championnat de Paris Open A"]
[Site "Paris"]
[Date "2012.07.10"]
[Round "4.3"]
[White "Quach, Charlie"]
[Black "Manoeuvre, Antoine"]
[Result "1/2-1/2"]
[WhiteElo "2141"]
[BlackElo "2247"]
[PlyCount "49"]
[EventDate "2012.??.??"]

1. d4 Nf6 2. c4 g6 3. Nc3 Bg7 4. e4 d6 5. Be2 O-O 6. Bg5 Nbd7 7. Qd2 c5 8. d5
a6 9. a4 Rb8 10. Nf3 Re8 11. O-O Qa5 12. h3 e6 13. dxe6 Rxe6 14. Be3 Qc7 15.
Bd3 b6 16. Nd5 Qd8 17. Qc2 Bb7 18. Rfe1 h6 19. Bd2 a5 20. Bc3 Qf8 21. Nc7 Re7
22. Nd5 Ree8 23. Nc7 Re7 24. Nd5 Ree8 25. Nc7 1/2-1/2

[Event "Championnat de Paris Open A"]
[Site "Paris"]
[Date "2012.07.10"]
[Round "4.4"]
[White "Ternault, Mathieu"]
[Black "Ribeiro, Romain"]
[Result "0-1"]
[WhiteElo "2130"]
[BlackElo "2204"]
[PlyCount "98"]
[EventDate "2012.??.??"]

1. d4 e6 2. c4 b6 3. a3 Ba6 4. Qc2 c5 5. dxc5 Bxc5 6. Nf3 Nf6 7. b4 Be7 8. Bb2
d6 9. e3 Nbd7 10. Nbd2 O-O 11. Bd3 Rc8 12. Rc1 h6 13. O-O Bb7 14. Rfd1 Qc7 15.
Qb1 Qb8 16. h3 Qa8 17. Qa1 Rfe8 18. Be2 Bf8 19. Ne1 e5 20. Bf3 Bxf3 21. Nexf3
Rc7 22. Qa2 Rec8 23. Qb3 Ne4 24. Nxe4 Qxe4 25. Nd2 Qg6 26. e4 Nf6 27. Re1 Nh5
28. Kh2 Be7 29. Nf3 Qe6 30. Qa4 Nf4 31. Re3 Rxc4 32. Rxc4 Rxc4 33. Nd2 Rc7 34.
Rc3 Qc8 35. Rxc7 Qxc7 36. g3 Ne6 37. Kg2 Kh7 38. h4 b5 39. Qb3 Qc6 40. Qd3 Bxh4
41. Nb3 Bd8 42. f3 Bb6 43. Kh2 a6 44. Kg2 Ba7 45. Nc1 Qb6 46. Qf1 Qc6 47. Qd3
Bd4 48. Qd2 Bxb2 49. Qxb2 Nd4 0-1

[Event "Championnat de Paris Open A"]
[Site "Paris"]
[Date "2012.07.10"]
[Round "4.5"]
[White "Ustianovich, Nazar"]
[Black "Le Fournier, Bastien"]
[Result "1-0"]
[WhiteElo "2197"]
[BlackElo "1932"]
[PlyCount "73"]
[EventDate "2012.??.??"]

1. d4 Nf6 2. c4 c5 3. d5 e6 4. Nc3 exd5 5. cxd5 d6 6. Nf3 g6 7. e4 a6 8. b3 b5
9. Bd3 Bg7 10. O-O O-O 11. a3 Ra7 12. Re1 Re7 13. Bf4 Rfe8 14. Qd2 Bb7 15. b4
c4 16. Bc2 Nxe4 17. Bxe4 Rxe4 18. Nxe4 Bxa1 19. Nxd6 Rxe1+ 20. Qxe1 Bxd5 21.
Qxa1 Nc6 22. Qc3 Qe7 23. Nd4 Qf6 24. Ne2 Qe6 25. Qe3 Qf6 26. Nc3 Be6 27. Nde4
Qd4 28. Nc5 Qxe3 29. Bxe3 Bc8 30. Nd5 Kf8 31. Kf1 a5 32. Bd2 axb4 33. Bxb4 Nxb4
34. axb4 Bf5 35. Ke1 Kg7 36. Ke2 Kh6 37. Nc3 1-0

[Event "Championnat de Paris Open A"]
[Site "Paris"]
[Date "2012.07.10"]
[Round "4.6"]
[White "Partac, Elena"]
[Black "Rabineau, Clement"]
[Result "0-1"]
[WhiteElo "2129"]
[BlackElo "2270"]
[PlyCount "100"]
[EventDate "2012.??.??"]

1. e4 d5 2. exd5 Qxd5 3. Nc3 Qd6 4. d4 Nf6 5. h3 a6 6. Nf3 Nc6 7. Be3 Bf5 8. a3
e6 9. Qd2 Be7 10. Be2 O-O 11. O-O Rad8 12. Rad1 b5 13. Bf4 Qd7 14. Nxb5 axb5
15. Bxb5 Bd6 16. Be5 Ne4 17. Qe2 f6 18. g4 Bg6 19. Qc4 Na5 20. Bxd7 Nxc4 21.
Bxe6+ Bf7 22. Bxd6 Nexd6 23. d5 Nxb2 24. Rb1 Nbc4 25. Rb3 Nb6 26. Rd3 Ra8 27.
Rb1 Rfe8 28. Nd4 Nxd5 29. Bxf7+ Kxf7 30. Nb5 Nxb5 31. Rxb5 Nb6 32. Rc5 Re7 33.
g5 Ra4 34. gxf6 gxf6 35. Rdc3 Ra7 36. Rc6 Nd5 37. R3c5 Nf4 38. Kh2 Rxa3 39.
Rxc7 Rxh3+ 40. Kg1 Ne6 41. Rxe7+ Kxe7 42. Rd5 Rh4 43. c3 Ra4 44. Kf1 Rc4 45.
Rd3 Nf4 46. Re3+ Kf7 47. Rg3 h5 48. Ke1 h4 49. Rg1 Rxc3 50. Rg4 Rf3 0-1

[Event "Championnat de Paris Open A"]
[Site "Paris"]
[Date "2012.07.10"]
[Round "4.7"]
[White "Maisuradze, Nino"]
[Black "Anes, Emmanuel"]
[Result "1-0"]
[WhiteElo "2268"]
[BlackElo "2125"]
[PlyCount "67"]
[EventDate "2012.??.??"]

1. d4 Nf6 2. c4 g6 3. Nc3 Bg7 4. e4 d6 5. f4 O-O 6. Nf3 c5 7. d5 e6 8. Be2 exd5
9. cxd5 Re8 10. e5 dxe5 11. fxe5 Ng4 12. Bg5 Qb6 13. O-O Nxe5 14. d6 Be6 15.
Nd5 Bxd5 16. Qxd5 Qc6 17. Qd2 Nbd7 18. Rad1 f6 19. Nxe5 Rxe5 20. Bf4 Ree8 21.
Bf3 Qb6 22. Qd5+ Kh8 23. Qxb7 Qxb7 24. Bxb7 Rab8 25. Bc6 Red8 26. Rde1 Ne5 27.
Bxe5 fxe5 28. d7 Rb6 29. Ba4 Rxb2 30. Rf7 Rxa2 31. Bb5 Rd2 32. Ref1 Rd6 33. Re7
Rf6 34. Re8+ 1-0

[Event "Championnat de Paris Open A"]
[Site "Paris"]
[Date "2012.07.10"]
[Round "4.8"]
[White "Gidel, Jean-Louis"]
[Black "Gervasio, Ricardo"]
[Result "0-1"]
[WhiteElo "2101"]
[BlackElo "2267"]
[PlyCount "90"]
[EventDate "2012.??.??"]

1. c4 e5 2. g3 Bc5 3. Bg2 Nf6 4. Nc3 c6 5. e3 O-O 6. Nge2 d5 7. cxd5 cxd5 8. d4
exd4 9. exd4 Bb6 10. O-O h6 11. h3 Nc6 12. Be3 Re8 13. g4 Ne4 14. Nxe4 dxe4 15.
Qd2 f5 16. g5 Ba5 17. Qc1 Nb4 18. Rd1 Be6 19. gxh6 Rc8 20. Nc3 Nxa2 21. Qb1
Bxc3 22. Rxa2 Ba5 23. b4 Bb6 24. d5 Bf7 25. Qa1 Qf6 26. hxg7 Qxg7 27. Qxg7+
Kxg7 28. Bxb6 axb6 29. Ra7 Rc7 30. d6 Rd7 31. Bf1 Red8 32. Bb5 Rxd6 33. Rxd6
Rxd6 34. Rxb7 Kf6 35. Rd7 Rxd7 36. Bxd7 f4 37. Bc6 Ke5 38. Kf1 Bh5 39. Ke1 Kd4
40. h4 e3 41. fxe3+ Kxe3 42. Bb5 f3 43. Kf1 Bg4 44. Kg1 f2+ 45. Kg2 Be2 0-1

[Event "Championnat de Paris Open A"]
[Site "Paris"]
[Date "2012.07.10"]
[Round "4.9"]
[White "Sochacki, Wojtek"]
[Black "Bourges, Jerome"]
[Result "1-0"]
[WhiteElo "2263"]
[BlackElo "2069"]
[PlyCount "117"]
[EventDate "2012.??.??"]

1. e4 g6 2. d4 Bg7 3. Nc3 c5 4. d5 d6 5. f4 Nf6 6. Nf3 O-O 7. Bc4 b5 8. Nxb5
Nxe4 9. O-O a6 10. Na3 Bb7 11. Qd3 Nf6 12. Bd2 Nbd7 13. Bb3 a5 14. c4 Nb6 15.
f5 Bc8 16. Nh4 Ng4 17. Qe4 Bd4+ 18. Kh1 Nf6 19. Qb1 Ng4 20. Qe4 Nf6 21. Qb1 Ng4
22. h3 Ne3 23. Bxe3 Bxe3 24. fxg6 fxg6 25. Qe4 Bd4 26. Nxg6 hxg6 27. Qxg6+ Bg7
28. Bc2 Rf6 29. Qh7+ Kf8 30. g4 e5 31. g5 Rf4 32. Qh4 Ra7 33. Bg6 Qd7 34. Kg2
Ke7 35. Qh7 Kd8 36. Nb5 Qe7 37. Nxa7 Qxg5+ 38. Kh2 Qh4 39. Qxh4+ Rxh4 40. Nxc8
Nxc8 41. b3 Ne7 42. Bc2 Bh6 43. Rf6 Bf4+ 44. Kg2 Kd7 45. Bd1 Bg5 46. Rf2 Ng6
47. Bg4+ Ke7 48. Rf5 Be3 49. Re1 Bd2 50. Rd1 Be3 51. Kf3 Bf4 52. Rh5 Kf6 53.
Rxh4 Nxh4+ 54. Ke4 Kg5 55. Be6 Bh2 56. Rh1 Bf4 57. Rg1+ Kf6 58. Rg8 Bg5 59. Rd8
1-0

[Event "Championnat de Paris Open A"]
[Site "Paris"]
[Date "2012.07.10"]
[Round "4.10"]
[White "Pozdnjakov, Viatcheslav"]
[Black "Imbert, Christophe"]
[Result "1-0"]
[WhiteElo "2242"]
[BlackElo "2033"]
[PlyCount "119"]
[EventDate "2012.??.??"]

1. d4 Nf6 2. Nf3 g6 3. c4 Bg7 4. Nc3 d6 5. e4 O-O 6. Be2 e5 7. O-O Nc6 8. d5
Ne7 9. Ne1 Nd7 10. Be3 f5 11. f3 f4 12. Bf2 g5 13. Nb5 Nf6 14. Nxa7 Bd7 15. c5
Rxa7 16. cxd6 Nc8 17. dxc7 Qxc7 18. Bxa7 Nxa7 19. Qb3 Qc5+ 20. Kh1 Rb8 21. Nd3
Qd6 22. Qb4 Bf8 23. Qxd6 Bxd6 24. Rfc1 Nb5 25. Nc5 Nd4 26. Bd1 Kf7 27. Kg1 Ke7
28. Nb3 Nxb3 29. Bxb3 g4 30. Kf2 b5 31. Bd1 Bb4 32. a3 Bd2 33. Rc2 Be3+ 34. Kf1
h5 35. b3 h4 36. Raa2 h3 37. gxh3 gxf3 38. Bxf3 Bxh3+ 39. Ke2 Rg8 40. Ra1 Nd7
41. Rc7 Rb8 42. b4 Rb6 43. a4 bxa4 44. Rxa4 Rg6 45. Ra1 Rb6 46. Rc4 Rb7 47. Kd3
Nf6 48. Kc2 Ne8 49. Rc6 Nd6 50. Raa6 Rd7 51. Kb2 Bf1 52. Ra8 Rb7 53. Rh8 Rxb4+
54. Ka3 Rb7 55. Rh7+ Kf8 56. Rxb7 Nxb7 57. Rc8+ Ke7 58. Rc7+ Kd6 59. Rxb7 Kc5
60. h4 1-0

[Event "Championnat de Paris Open A"]
[Site "Paris"]
[Date "2012.07.10"]
[Round "4.11"]
[White "Pruvot, Louis"]
[Black "Fedoryshyn, Ievgenii"]
[Result "1-0"]
[WhiteElo "2100"]
[BlackElo "2188"]
[PlyCount "136"]
[EventDate "2012.??.??"]

1. d4 d5 2. c4 c6 3. Nf3 Nf6 4. e3 Nbd7 5. Bd3 e6 6. O-O Bd6 7. Nc3 O-O 8. e4
dxe4 9. Nxe4 Nxe4 10. Bxe4 h6 11. Re1 Qa5 12. Bd2 Qh5 13. Bc3 Nf6 14. Bc2 Rd8
15. Ne5 Bd7 16. Qxh5 Nxh5 17. Rad1 Be8 18. Be4 f6 19. Nd3 Nf4 20. c5 Bc7 21.
Nxf4 Bxf4 22. Bd3 Bf7 23. g3 Bc7 24. a3 a5 25. Re3 Re8 26. Be4 Re7 27. Rde1
Rae8 28. Bd3 Kf8 29. f4 Rd8 30. Bc4 Rde8 31. h4 a4 32. Kf1 Bg8 33. Kg1 Bf7 34.
Re4 h5 35. R4e3 Bg8 36. Kg2 Bf7 37. Kf3 f5 38. Kf2 Bg8 39. Bd3 g6 40. Ke2 Bf7
41. Kd2 Ra8 42. Bc2 Ke8 43. Bd3 Kd7 44. Kc2 Rae8 45. Kb1 Rb8 46. d5 cxd5 47.
Bb5+ Kc8 48. Bd4 Rd7 49. Bxa4 Bd8 50. Bxd7+ Kxd7 51. Be5 Ra8 52. b4 Kc6 53. Bb2
Kb5 54. Kc2 Ra6 55. Ra1 Ra4 56. Be5 Be8 57. Kb3 Bd7 58. Rae1 b6 59. Bd6 bxc5
60. Bxc5 Ra6 61. Bd4 Bc7 62. Rc1 Bd6 63. Rec3 Ra4 64. R3c2 Ra8 65. Rc3 Ra4 66.
Rc5+ Bxc5 67. Rxc5+ Ka6 68. Rc7 Kb5 1-0

[Event "Championnat de Paris Open A"]
[Site "Paris"]
[Date "2012.07.10"]
[Round "4.12"]
[White "Ralle, Pierre"]
[Black "Castro, John"]
[Result "0-1"]
[WhiteElo "2100"]
[BlackElo "2183"]
[PlyCount "128"]
[EventDate "2012.??.??"]

1. d4 Nf6 2. c4 g6 3. Nc3 Bg7 4. e4 d6 5. f3 O-O 6. Be3 c5 7. dxc5 dxc5 8. Qxd8
Rxd8 9. Bxc5 Nc6 10. Nd5 Nd7 11. Nxe7+ Nxe7 12. Bxe7 Bxb2 13. Rb1 Bc3+ 14. Kf2
Bd4+ 15. Ke1 Re8 16. Bg5 Nc5 17. Rd1 Be5 18. Be3 b6 19. Kf2 f5 20. exf5 Bxf5
21. g4 Be6 22. Nh3 Rf8 23. Kg2 Rae8 24. Ng5 Bc8 25. h4 h6 26. Bxc5 bxc5 27. Ne4
Bd4 28. Bd3 Re6 29. h5 Ra6 30. Rd2 Ra3 31. hxg6 Be3 32. Rhd1 Bxd2 33. Rxd2 Rd8
34. Nf6+ Kg7 35. Nd5 Ba6 36. Be2 Rd6 37. Kf2 Rc3 38. Rb2 Rc1 39. Nc7 Kxg6 40.
Nxa6 Rxa6 41. Ke3 Kf6 42. Bd3 Ra3 43. f4 Rxc4 44. g5+ hxg5 45. fxg5+ Kxg5 46.
Ke2 Rca4 47. Bb1 Rb4 48. Rxb4 cxb4 49. Kd2 Rc3 50. Bc2 Kf4 51. Kc1 Ke3 52. Kb2
Kd4 53. Bd1 Re3 54. Bh5 a5 55. Bd1 Kc4 56. Bh5 a4 57. Bf7+ Kd4 58. Bg6 Re2+ 59.
Kb1 Kc3 60. Ka1 b3 61. axb3 axb3 62. Bf5 Re1+ 63. Bb1 b2+ 64. Ka2 Rf1 0-1

[Event "Championnat de Paris Open A"]
[Site "Paris"]
[Date "2012.07.10"]
[Round "4.13"]
[White "Guez, Fabien"]
[Black "Louis, Thibault"]
[Result "1-0"]
[WhiteElo "2026"]
[BlackElo "2151"]
[PlyCount "173"]
[EventDate "2012.??.??"]

1. e4 e6 2. d4 d5 3. Nd2 Nc6 4. Ngf3 Nf6 5. e5 Nd7 6. Be2 f6 7. exf6 Qxf6 8.
Nf1 Bd6 9. Ne3 O-O 10. O-O Nb6 11. Bb5 a6 12. Bxc6 bxc6 13. Ng4 Qf5 14. Nge5
Qh5 15. Re1 c5 16. dxc5 Bxc5 17. b3 Nd7 18. Nxd7 Bxd7 19. Bb2 Rf5 20. Nd4 Qxd1
21. Raxd1 Rf6 22. Nf3 Rf5 23. Be5 Bd6 24. Bg3 Rc8 25. Nd4 Rf6 26. Nf3 Be8 27.
Nd4 Bh5 28. f3 Re8 29. Be5 Bxe5 30. Rxe5 Bg6 31. Rde1 Kf7 32. b4 h6 33. R1e3
Rb8 34. a3 Rb6 35. Rc3 Ke7 36. Rce3 Kd7 37. Kf2 Bf7 38. Ke2 Kd6 39. c3 g5 40.
Kd2 Bg8 41. Re1 Bf7 42. R5e2 Rb8 43. Nb3 Rg8 44. Nc5 h5 45. a4 Ra8 46. Re5 Rg6
47. R5e2 Ra7 48. Nd3 Be8 49. Nc5 Bd7 50. a5 Ra8 51. Re5 Ra7 52. R1e2 c6 53. h4
gxh4 54. Rxh5 Ra8 55. Rxh4 Rag8 56. Nxa6 Rxg2 57. Rh2 R2g3 58. Rhf2 e5 59. Nc5
Bf5 60. a6 d4 61. cxd4 exd4 62. Ne4+ Bxe4 63. Rxe4 Ra8 64. Rxd4+ Ke5 65. Re4+
Kd5 66. Ke3 Kd6 67. Rd2+ Kc7 68. Ra2 Kb6 69. Ra5 Rg1 70. Kf2 Rb1 71. f4 Rxb4
72. Rxb4+ Kxa5 73. Rb1 c5 74. Ra1+ Kb4 75. Ke3 c4 76. f5 Kb3 77. Rb1+ Kc2 78.
Rb6 c3 79. f6 Kc1 80. f7 c2 81. Ke2 Re8+ 82. Kf2 Rd8 83. a7 Kd1 84. Rb8 Rd2+
85. Kg3 c1=Q 86. f8=Q Qc3+ 87. Qf3+ 1-0

[Event "Championnat de Paris Open A"]
[Site "Paris"]
[Date "2012.07.10"]
[Round "4.14"]
[White "O'Brien, Cormac P"]
[Black "Pluyaud, Benoit"]
[Result "0-1"]
[WhiteElo "2013"]
[BlackElo "2150"]
[PlyCount "84"]
[EventDate "2012.??.??"]

1. e4 c5 2. Nf3 a6 3. Nc3 Nc6 4. d4 cxd4 5. Nxd4 e6 6. Bc4 Qb6 7. Nb3 Bb4 8.
Bd2 Nf6 9. O-O Qc7 10. f4 Bxc3 11. Bxc3 Nxe4 12. Bxg7 Rg8 13. Bh6 Qb6+ 14. Kh1
Nf2+ 15. Rxf2 Qxf2 16. g3 b5 17. Bd3 Ne5 18. Be4 Ng4 19. Qg1 Qxg1+ 20. Kxg1 d5
21. Bxd5 exd5 22. Re1+ Kd7 23. Bg5 Rxg5 24. fxg5 Kd6 25. Nd4 Be6 26. b4 Rc8 27.
Kg2 Ne5 28. Rf1 Nc6 29. c3 Nxd4 30. cxd4 Rc3 31. Rf6 Rd3 32. Rh6 Rxd4 33. Rxh7
Re4 34. h4 d4 35. Kf3 d3 36. g6 d2 37. gxf7 d1=Q+ 38. Kxe4 Qd5+ 39. Kf4 Bxf7
40. Rh6+ Be6 41. Ke3 Qe5+ 42. Kf2 Qg7 0-1

[Event "Championnat de Paris Open A"]
[Site "Paris"]
[Date "2012.07.10"]
[Round "4.15"]
[White "Chanoine, Guillaume"]
[Black "Dagonia, Steve"]
[Result "1-0"]
[WhiteElo "2297"]
[BlackElo "1906"]
[PlyCount "53"]
[EventDate "2012.??.??"]

1. e4 d6 2. d4 Nf6 3. Nc3 g6 4. f4 Bg7 5. Nf3 c5 6. d5 O-O 7. Bd3 a6 8. a4 e6
9. dxe6 Bxe6 10. O-O Nc6 11. Kh1 Nb4 12. f5 gxf5 13. Bg5 Qd7 14. Nh4 Nxe4 15.
Bxe4 fxe4 16. Bf6 d5 17. Qh5 Kh8 18. Bxg7+ Kxg7 19. Qg5+ Kh8 20. Qf6+ Kg8 21.
Rf5 Rfc8 22. Rd1 Rc6 23. Rg5+ Kf8 24. Re5 Qd8 25. Qh6+ Ke8 26. Nxe4 d4 27. Nf6+
1-0

[Event "Championnat de Paris Open A"]
[Site "Paris"]
[Date "2012.07.10"]
[Round "4.16"]
[White "Gutmann, Alois"]
[Black "Rene, Benoit"]
[Result "0-1"]
[WhiteElo "2038"]
[BlackElo "2262"]
[PlyCount "142"]
[EventDate "2012.??.??"]

1. d4 d6 2. Nf3 f5 3. g3 Nf6 4. Bg2 g6 5. c4 Bg7 6. O-O O-O 7. Nc3 Qe8 8. b3
Na6 9. Bb2 c6 10. Ne1 e5 11. dxe5 dxe5 12. Ba3 Rf7 13. e4 f4 14. Qc2 Nh5 15.
Rd1 Nc7 16. Ne2 Ne6 17. Bd6 Ng5 18. Nf3 Nxf3+ 19. Bxf3 Bh3 20. gxf4 Bxf1 21.
Bxh5 Bxe2 22. Bxe2 Rxf4 23. c5 Rd8 24. Qc3 Rxe4 25. Bc4+ Kh8 26. Qh3 Rd4 27.
Re1 b5 28. Bf1 R4xd6 29. cxd6 Rxd6 30. Bg2 Qd8 31. Be4 c5 32. Kf1 Rf6 33. Qe3
Rf4 34. Bc6 Qb6 35. Bg2 Qd6 36. Qh3 h5 37. Kg1 Kh7 38. Bf1 c4 39. Qe3 a6 40.
Kh1 Qf6 41. Re2 Rd4 42. bxc4 bxc4 43. Rc2 Qc6+ 44. f3 e4 45. fxe4 Rxe4 46. Qf3
Qe6 47. Re2 Rxe2 48. Qxe2 Qxe2 49. Bxe2 c3 50. Bd3 Be5 51. Kg2 Kg7 52. h3 Kf6
53. Kf3 Kg5 54. Ke2 a5 55. Be4 Bf4 56. Kd3 Bd2 57. Ke2 Kf6 58. Kd3 g5 59. Bf3
g4 60. hxg4 h4 61. Bg2 Kg5 62. Bh3 Kf4 63. g5 Kxg5 64. Ke2 Kf4 65. Bg2 Kg3 66.
Be4 Bg5 67. Kf1 Kf4 68. Bc2 Ke3 69. Ke1 h3 70. Ba4 h2 71. Bc6 c2 0-1

[Event "Championnat de Paris Open A"]
[Site "Paris"]
[Date "2012.07.10"]
[Round "4.17"]
[White "Regoli, Stephane"]
[Black "Lepot, Simon"]
[Result "0-1"]
[WhiteElo "2248"]
[BlackElo "2037"]
[PlyCount "76"]
[EventDate "2012.??.??"]

1. e4 c5 2. Nf3 d6 3. c3 Nf6 4. h3 Nc6 5. Bd3 e5 6. Bc2 d5 7. exd5 Qxd5 8. d3
Bf5 9. O-O O-O-O 10. b4 cxb4 11. d4 Bxc2 12. Qxc2 exd4 13. cxd4 Kb8 14. Be3 Ne4
15. Nbd2 Nxd2 16. Qxd2 f6 17. Rfd1 g5 18. Ne1 h5 19. Rac1 h4 20. Nd3 Rg8 21.
Qe2 Bd6 22. Nc5 Bc7 23. Nxb7 Kxb7 24. Rc5 Qd6 25. Qb5+ Bb6 26. Rdc1 Nxd4 27.
Bxd4 Qxd4 28. Rc7+ Kb8 29. Qc6 Qd1+ 30. Rxd1 Rxd1+ 31. Kh2 Bxc7+ 32. g3 hxg3+
33. Kg2 Rd2 34. Qb5+ Bb6 35. Kxg3 Rxf2 36. Qxb4 f5 37. a4 Re8 38. Qb5 Re3+ 0-1

[Event "Championnat de Paris Open A"]
[Site "Paris"]
[Date "2012.07.10"]
[Round "4.18"]
[White "Larrat, Philippe"]
[Black "Trommsdorf, Fro"]
[Result "1-0"]
[WhiteElo "2230"]
[BlackElo "2037"]
[PlyCount "53"]
[EventDate "2012.??.??"]

1. e4 c5 2. c3 Nf6 3. e5 Nd5 4. Nf3 d6 5. d4 cxd4 6. Qxd4 e6 7. Bc4 Nc6 8. Qe4
Be7 9. O-O dxe5 10. Nxe5 O-O 11. Nxc6 bxc6 12. Nd2 Rb8 13. Nf3 c5 14. Re1 Bb7
15. Qg4 Nf6 16. Qh3 Bd5 17. Bd3 c4 18. Bc2 Qb6 19. Nd4 Rfe8 20. Bg5 h6 21. Bf4
Rb7 22. b3 Bf8 23. Re3 Nd7 24. Rg3 e5 25. Bxh6 exd4 26. Bh7+ Kxh7 27. Bxg7+ 1-0